Normale Ansicht MARC-Ansicht ISBD

Očerki istorii nemcev i mennonitov Juga Ukrainy (konec XVIII - pervaja polovina XIX veka) (Titelsatznr. 50437)

[ MARC ]
MARC-Details
000 -Satzkennung
Kontrollfeld mit fester Länge 00733nam a22002171c 4500
001 - Kontrollnummer
Kontrollfeld a987690162
008 - Feld mit fester Länge zur physischen Beschreibung - Allgemeine Angaben
Kontrollfeld mit fester Länge 180727s1999 gw |||| 000u rus d
020 ## - Internationale Standardbuchnummer
Internationale Standardbuchnummer 9667355349
Verknüpfung 966-7355-34-9
041 ## - Sprachcode
Sprachcode des Textes/der Tonspur oder des separaten Titels rus
040 ## - Katalogisierungsquelle
Übertragungsstelle RU-10907106
003 - Kontrollnummer Identifier
Kontrollfeld RU-10907106
245 00 - Titel
Titel Očerki istorii nemcev i mennonitov Juga Ukrainy (konec XVIII - pervaja polovina XIX veka)
264 ## - Produktion, Veröffentlichung, Distribution, Herstellung und Urheberrechtsvermerk
Herstellungs-, Veröffentlichungs- Vertriebs-, Erzeugungsort Dnepropetrovsk :
Produzent, Herausgeber, Distributor, Hersteller Art-Press,
Datum der Herstellung, der Veröffentlichung, des Vertriebs oder des Urheberschutzvermerks 1999
300 ## - Physische Beschreibung
Umfang 230 Seiten
650 #0 - Nebeneintragung unter einem Schlagwort - Sachschlagwort
Sachschlagwort oder geografischer Name als Eintragungselement Deutsche
650 #0 - Nebeneintragung unter einem Schlagwort - Sachschlagwort
Sachschlagwort oder geografischer Name als Eintragungselement Mennoniten
651 #0 - Nebeneintragung unter einem Schlagwort - Geografischer Name
Geografischer Name Dnipropetrowsk (Region)
700 1# - Nebeneintragung - Personenname
Personenname Bobyleva, Svetlana Iosifovna
Funktionsbezeichnung HerausgeberIn
710 2# - Nebeneintragung - Körperschaftsname
Körperschafts- oder Gebietskörperschaftsname als Eintragungselement Dnipropetrovs'kyj nacional'nyj universytet imeni Olesja Honcara / Zentr ukraïnsko-nimez'kych naukovuch doslidžen'
942 ## - Zusätzliche Felder (Koha)
Koha-Medientyp Monographien
Exemplare
Ausgeschieden Verloren Klassifikation oder Aufstellungssystematik Beschädigt Nicht entleihbar Heimatbibliothek Aufenthaltsbibliothek Aufstellungsort Erwerbungsdatum Inventarnummer Signatur Barcode Letzte Aktivität Preis gültig von Koha-Medientyp
    Andere/Generische Klassifikation     MWN Osteuropa MWN Osteuropa Magazin - 2 27/07/2018 18-01488 R 53 o Deut 2 E0040150790E8BCF 23/02/2021 22/03/2021 Monographien